| 000 | 00616nam a22002057i 4500 | ||
|---|---|---|---|
| 999 |
_c23221 _d23221 |
||
| 003 | AR-CdUCM | ||
| 008 | 250224b20002000It ||||| |||| 00| 0 eng d | ||
| 020 | _a0-375-80661-X | ||
| 040 |
_aMUNICIPALIDAD PROVINCIAL DEL CUSCO _cBIBLIOTECA MUNICIPAL DEL CUSCO |
||
| 041 | _heng | ||
| 082 |
_aPI /803.06 / _bK76F / |
||
| 100 |
_aKorman, Justine _951042 |
||
| 245 |
_aTo Fly with Dragons : _bDragon Tales / |
||
| 260 |
_aItaly _bLibrary of Congress _c2000 |
||
| 300 |
_a26 páginas. : _c26x21 cm. |
||
| 505 | _aTo fly with dragons | ||
| 856 | _fwww.randomhouse.com | ||
| 942 |
_2ddc _cLIBROS |
||
| 945 |
_apbjr _d24-02-2025 |
||